Escudos Provincias España - Estadísticas

Estadísticas generales
  • Esta prueba ha sido intentada 107 veces
  • La puntuación promedio es 29 de 52
Estadísticas de respuestas
Imagen Respuesta % Correcto
León
90%
Asturias
86%
Madrid
86%
Murcia
80%
Navarra
80%
Valladolid
78%
Girona
73%
Lleida
73%
Granada
71%
Málaga
71%
A Coruña
67%
Barcelona
67%
Teruel
67%
Alicante
65%
Islas Baleares
65%
Sevilla
65%
Valencia
63%
Cantabria
61%
Castellón
61%
Soria
61%
Tarragona
61%
Ceuta
57%
Toledo
57%
Vizcaya
57%
Zaragoza
57%
Ávila
55%
Segovia
55%
Burgos
53%
Córdoba
53%
Guipúzcoa
53%
Huelva
53%
Cádiz
51%
Huesca
51%
La Rioja
51%
Lugo
51%
Melilla
51%
Albacete
49%
Badajoz
47%
Salamanca
47%
Las Palmas
45%
Cáceres
43%
Palencia
43%
Almería
41%
Santa Cruz de Tenerife
41%
Ciudad Real
39%
Jaén
39%
Pontevedra
37%
Cuenca
35%
Guadalajara
35%
Ourense
35%
Zamora
35%
Álava
31%
No se encontraron pruebas coincidentes
Distribución de puntuación
Porcentaje de gente con cada puntuación
Porcentaje por número respondido
Historial de tus puntuaciones
No has intentado esta prueba.